|
|
|
|
| LEADER |
01733cas a2200241 a 4500 |
| 001 |
AALejournalIMF021699 |
| 008 |
230101c9999 xx r poo 0 0eng d |
| 020 |
|
|
|c 5.00 USD
|
| 020 |
|
|
|z 9781513574608
|
| 022 |
|
|
|a 1934-7685
|
| 040 |
|
|
|a BD-DhAAL
|c BD-DhAAL
|
| 110 |
2 |
|
|a International Monetary Fund.
|b Western Hemisphere Dept.
|
| 245 |
1 |
0 |
|a Colombia :
|b 2021 Article IV Consultation-Press Release; Staff Report; and Statement by the Executive Director for Colombia.
|
| 264 |
|
1 |
|a Washington, D.C. :
|b International Monetary Fund,
|c 2021.
|
| 300 |
|
|
|a 1 online resource (73 pages)
|
| 490 |
1 |
|
|a IMF Staff Country Reports
|
| 500 |
|
|
|a <strong>Off-Campus Access:</strong> No User ID or Password Required
|
| 500 |
|
|
|a <strong>On-Campus Access:</strong> No User ID or Password Required
|
| 506 |
|
|
|a Electronic access restricted to authorized BRAC University faculty, staff and students
|
| 520 |
3 |
|
|a COVID-19 has taken a severe social and economic toll, including almost 60,000 deaths. With over 5 million jobs temporarily affected, Colombia recorded its largest recession on record. Since 2020H2, an uneven recovery with intermittent growth has been underway, led by private domestic demand. Staff expects only a gradual recovery in 2021 with economic activity not expected to return to pre-pandemic levels until the second half of 2022. Vaccinations began in February with plans to effectively cover the adult population. However, both external and domestic risks remain skewed to the downside.
|
| 538 |
|
|
|a Mode of access: Internet
|
| 830 |
|
0 |
|a IMF Staff Country Reports; Country Report ;
|v No. 2021/059
|
| 856 |
4 |
0 |
|z Full text available on IMF
|u http://elibrary.imf.org/view/journals/002/2021/059/002.2021.issue-059-en.xml
|z IMF e-Library
|